000 00987nas a2200325 4500
001 BR2010001353
003 BR-BrBNA
005 20231205114119.0
007 ta
008 230509b bl.|||p| |||| 00| 00por d
040 _aBR-BrBNA
_bpor
_cBiblioteca Nacional de Agricultura
041 _a(Pt)
072 _aF30; A50
100 1 _aPádua, J.G. de
100 1 _aMesquita, H.A. de
100 1 _aSouza, J.C. de
100 1 _aSilva, R.A.
245 1 _aCultura da batata tecnologia e produtividade
650 _aPRODUÇÃO AGRÍCOLA
650 _aBATATA
650 _aPRODUTIVIDADE
650 _aTECNOLOGIA
650 _aIMPACTO ECONÔMICO
650 _aPESQUISA AGRÍCOLA
650 _aRECURSO MINERAL
650 _aENTOMOLOGIA
773 0 _tInforme Agropecuário - Empresa de Pesquisa Agropecuária de Minas Gerais (Brazil)
_xISSN 0100-3364
_g(2009), v. 30(special number) p. 35-43
_wBR2010001353
909 _a202311
_bLúcia
_c55
_dLúcia Elande
942 _2AGRIS
_n0
_cANA
999 _c207137
_d207137